[Event "EYCC Open-U14 2019"]
[Site "Bratislava"]
[Date "2019.08.07"]
[Round "6.43"]
[White "Grzesik, Gracjan"]
[Black "Putar, Leon"]
[Result "1/2-1/2"]
[WhiteElo "2004"]
[BlackElo "1742"]
[Annotator "NA"]
[PlyCount "135"]
[EventDate "2019.08.02"]
[EventType "swiss"]
[EventCountry "SVK"]
[SourceTitle "playchess.com"]
[Source "ChessBase"]
[SourceQuality "1"]
[TimeControl "40/5400+30:1800+30"]

1. c4 {[%emt 0:00:00]} e5 {[%emt 0:00:00]} 2. Nc3 {[%emt 0:00:00]} Nc6 {[%emt 0:00:03]} 3. g3 {[%emt 0:00:20]} Nf6 {[%emt 0:00:34]} 4. Bg2 {[%emt 0:00:47]} Bc5 {[%emt 0:02:06]} 5. e3 {[%emt 0:02:45]} O-O {[%emt 0:01:24]} 6. Nge2 {[%emt 0:00:50]} Re8 {[%emt 0:02:51]} 7. d3 {[%emt 0:04:09]} a6 {[%emt 0:01:55]} 8. a3 {[%emt 0:02:39]} d6 {[%emt 0:02:28]} 9. O-O {[%emt 0:01:53]} Ba7 {[%emt 0:03:30]} 10. b4 {[%emt 0:07:42]} Rb8 {[%emt 0:05:00]} 11. Bb2 {[%emt 0:05:27]} Bf5 {[%emt 0:03:42]} 12. h3 {[%emt 0:07:32]} Qd7 {[%emt 0:01:24]} 13. Kh2 {[%emt 0:01:44]} e4 {[%emt 0:01:21]} 14. d4 {[%emt 0:10:02]} d5 {[%emt 0:03:04]} 15. cxd5 {[%emt 0:08:46]} Ne7 {[%emt 0:02:58]} 16. Na4 {[%emt 0:07:46]} Nexd5 {[%emt 0:01:32]} 17. Nc5 {[%emt 0:02:45]} Qd6 {[%emt 0:01:57]} 18. Qd2 {[%emt 0:03:47]} b5 {[%emt 0:05:07]} 19. Rfc1 {[%emt 0:08:48]} Red8 {[%emt 0:08:59]} 20. Qe1 {[%emt 0:08:02]} Ra8 {[%emt 0:07:39]} 21. Nb7 {[%emt 0:03:01]} Qd7 {[%emt 0:00:52]} 22. Nxd8 {[%emt 0:00:13]} Rxd8 {[%emt 0:00:06]} 23. Nc3 {[%emt 0:02:24]} Nb6 {[%emt 0:00:11]} 24. Qe2 {[%emt 0:01:38]} Nc4 {[%emt 0:00:12]} 25. a4 {[%emt 0:01:54]} c6 {[%emt 0:00:45]} 26. Qc2 {[%emt 0:02:16]} Bb8 {[%emt 0:01:19]} 27. axb5 {[%emt 0:01:27]} axb5 {[%emt 0:00:20]} 28. Nb1 {[%emt 0:03:46]} Qd6 {[%emt 0:00:48]} 29. Qe2 {[%emt 0:01:29]} Nd5 {[%emt 0:02:11]} 30. Nc3 {[%emt 0:00:32]} Ndxe3 {[%emt 0:08:47]} 31. Bxe4 {[%emt 0:00:27]} Kf8 {[%emt 0:03:49]} 32. Rab1 {[%emt 0:00:33]} Re8 {[%emt 0:00:09]} 33. Bxf5 {[%emt 0:00:29]} Nxf5 {[%emt 0:00:06]} 34. Qg4 {[%emt 0:00:29]} g6 {[%emt 0:00:14]} 35. Ne4 {[%emt 0:00:28]} Rxe4 {[%emt 0:00:12]} 36. Qxe4 {[%emt 0:00:27]} Nxg3 {[%emt 0:00:05]} 37. Qg2 {[%emt 0:00:35]} Nh5+ {[%emt 0:01:23]} 38. Kg1 {[%emt 0:00:17]} Nf4 {[%emt 0:00:02]} 39. Qg4 {[%emt 0:00:44]} f5 {[%emt 0:00:14]} 40. Qf3 {[%emt 0:00:00]} Ne2+ {[%emt 0:00:00]} 41. Kf1 {[%emt 0:07:21]} Nd2+ {[%emt 0:01:02]} 42. Kxe2 {[%emt 0:00:24]} Nxf3 {[%emt 0:00:02]} 43. Kxf3 {[%emt 0:00:12]} Qf4+ {[%emt 0:00:05]} 44. Ke2 {[%emt 0:01:08]} Qe4+ {[%emt 0:00:05]} 45. Kf1 {[%emt 0:01:12]} Qh1+ {[%emt 0:00:07]} 46. Ke2 {[%emt 0:00:03]} Qxh3 {[%emt 0:00:07]} 47. d5 {[%emt 0:10:50]} Qg4+ {[%emt 0:00:17]} 48. Kf1 {[%emt 0:00:34]} h5 {[%emt 0:05:15]} 49. Rxc6 {[%emt 0:05:41]} Qf4 {[%emt 0:04:27]} 50. Rf6+ {[%emt 0:03:40]} Kg8 {[%emt 0:02:06]} 51. Rxg6+ {[%emt 0:00:18]} Kf8 {[%emt 0:00:56]} 52. Re1 {[%emt 0:04:00]} Qc4+ {[%emt 0:02:15]} 53. Kg1 {[%emt 0:00:38]} Qxb4 {[%emt 0:11:27]} 54. Re2 {[%emt 0:01:28]} h4 {[%emt 0:03:11]} 55. Rf6+ {[%emt 0:00:26]} Kg8 {[%emt 0:00:17]} 56. Rg6+ {[%emt 0:00:26]} Kf8 {[%emt 0:00:52]} 57. Rf6+ {[%emt 0:00:17]} Kg7 {[%emt 0:01:23]} 58. Rb6+ {[%emt 0:00:50]} Kf7 {[%emt 0:00:25]} 59. Rb7+ {[%emt 0:00:30]} Kg6 {[%emt 0:01:19]} 60. Rxb8 {[%emt 0:00:32]} Qg4+ {[%emt 0:00:11]} 61. Kf1 {[%emt 0:00:19]} Qh3+ {[%emt 0:00:03]} 62. Ke1 {[%emt 0:00:35]} Qh1+ {[%emt 0:00:03]} 63. Kd2 {[%emt 0:00:08]} Qxd5+ {[%emt 0:00:03]} 64. Ke1 {[%emt 0:00:47]} Qh1+ {[%emt 0:00:08]} 65. Kd2 {[%emt 0:00:04]} Qd5+ {[%emt 0:00:04]} 66. Ke1 {[%emt 0:00:52]} Qh1+ {[%emt 0:00:26]} 67. Kd2 {[%emt 0:00:06]} Qd5+ {[%emt 0:00:02]} 68. Ke1 {[%emt 0:00:59]} 1/2-1/2

[Event "EYCC Open-U14 2019"]
[Site "Bratislava"]
[Date "2019.08.07"]
[Round "6.44"]
[White "Petreski, Leonid"]
[Black "Zemach, Nadav"]
[Result "1/2-1/2"]
[WhiteElo "1644"]
[BlackElo "1997"]
[Annotator "NA"]
[PlyCount "77"]
[EventDate "2019.08.02"]
[EventType "swiss"]
[EventCountry "SVK"]
[SourceTitle "playchess.com"]
[Source "ChessBase"]
[SourceQuality "1"]
[TimeControl "40/5400+30:1800+30"]

1. e4 {[%emt 0:00:00]} e5 {[%emt 0:00:00]} 2. Nf3 {[%emt 0:00:00]} Nc6 {[%emt 0:00:00]} 3. Bc4 {[%emt 0:00:02]} Bc5 {[%emt 0:00:00]} 4. c3 {[%emt 0:00:21]} Nf6 {[%emt 0:00:00]} 5. d3 {[%emt 0:00:07]} O-O {[%emt 0:00:00]} 6. O-O {[%emt 0:00:24]} d5 {[%emt 0:00:03]} 7. exd5 {[%emt 0:01:20]} Nxd5 {[%emt 0:00:02]} 8. Re1 {[%emt 0:00:58]} Bg4 {[%emt 0:00:02]} 9. h3 {[%emt 0:02:33]} Bh5 {[%emt 0:00:01]} 10. g4 {[%emt 0:09:42]} Bg6 {[%emt 0:00:59]} 11. Nxe5 {[%emt 0:05:09]} Nxe5 {[%emt 0:07:21]} 12. Rxe5 {[%emt 0:00:43]} c6 {[%emt 0:06:25]} 13. Bxd5 {[%emt 0:17:19]} Bd6 {[%emt 0:04:25]} 14. Re1 {[%emt 0:06:00]} cxd5 {[%emt 0:01:36]} 15. Be3 {[%emt 0:01:55]} Qh4 {[%emt 0:04:17]} 16. Qf3 {[%emt 0:02:17]} Rad8 {[%emt 0:18:35]} 17. Bxa7 {[%emt 0:03:53]} f5 {[%emt 0:04:41]} 18. Nd2 {[%emt 0:05:20]} h5 {[%emt 0:03:03]} 19. gxh5 {[%emt 0:07:14]} Bxh5 {[%emt 0:00:30]} 20. Qxd5+ {[%emt 0:01:51]} Kh8 {[%emt 0:01:34]} 21. Qg2 {[%emt 0:01:45]} Rf6 {[%emt 0:02:26]} 22. Nf3 {[%emt 0:05:06]} Qf4 {[%emt 0:00:44]} 23. Ng5 {[%emt 0:08:28]} Rg6 {[%emt 0:02:29]} 24. Be3 {[%emt 0:02:36]} Rxg5 {[%emt 0:19:10]} 25. Qxg5 {[%emt 0:00:13]} Qh2+ {[%emt 0:02:12]} 26. Kf1 {[%emt 0:00:03]} Bf3 {[%emt 0:05:37]} 27. Red1 {[%emt 0:02:19]} Re8 {[%emt 0:02:58]} 28. Qg1 {[%emt 0:04:07]} Qxh3+ {[%emt 0:01:43]} 29. Ke1 {[%emt 0:00:03]} f4 {[%emt 0:00:29]} 30. Kd2 {[%emt 0:00:58]} fxe3+ {[%emt 0:00:21]} 31. fxe3 {[%emt 0:00:10]} Bxd1 {[%emt 0:01:26]} 32. Rxd1 {[%emt 0:00:07]} Kg8 {[%emt 0:01:50]} 33. Rf1 {[%emt 0:03:34]} Re6 {[%emt 0:02:08]} 34. Ke2 {[%emt 0:01:48]} Qh5+ {[%emt 0:01:28]} 35. Kd2 {[%emt 0:02:49]} Qh3 {[%emt 0:00:22]} 36. Ke2 {[%emt 0:01:04]} Qh5+ {[%emt 0:01:08]} 37. Kd2 {[%emt 0:02:43]} Rh6 {[%emt 0:03:29]} 38. Rf2 {[%emt 0:00:41]} Qd5 {[%emt 0:00:25]} 39. Qg2 {[%emt 0:01:05]} 1/2-1/2

[Event "EYCC Open-U14 2019"]
[Site "Bratislava"]
[Date "2019.08.07"]
[Round "6.45"]
[White "Vaupot, Luka"]
[Black "Bansal, Saahil"]
[Result "1/2-1/2"]
[WhiteElo "1939"]
[BlackElo "1547"]
[Annotator "NA"]
[PlyCount "26"]
[EventDate "2019.08.02"]
[EventType "swiss"]
[EventCountry "SVK"]
[SourceTitle "playchess.com"]
[Source "ChessBase"]
[SourceQuality "1"]
[TimeControl "40/5400+30:1800+30"]

1. d4 {[%emt 0:00:00]} Nf6 {[%emt 0:00:00]} 2. c4 {[%emt 0:00:00]} e6 {[%emt 0:00:00]} 3. g3 {[%emt 0:00:00]} d5 {[%emt 0:00:28]} 4. Nf3 {[%emt 0:00:00]} dxc4 {[%emt 0:01:59]} 5. Bg2 {[%emt 0:02:26]} a6 {[%emt 0:01:22]} 6. a4 {[%emt 0:11:15]} Nc6 {[%emt 0:07:15]} 7. O-O {[%emt 0:00:35]} Rb8 {[%emt 0:04:12]} 8. Qc2 {[%emt 0:18:49]} Nxd4 {[%emt 0:08:08]} 9. Nxd4 {[%emt 0:00:37]} Qxd4 {[%emt 0:00:21]} 10. Be3 {[%emt 0:02:41]} Qd8 {[%emt 0:03:01]} 11. Rd1 {[%emt 0:05:32]} Bd6 {[%emt 0:04:33]} 12. Qxc4 {[%emt 0:06:09]} O-O {[%emt 0:10:45]} 13. Nc3 {[%emt 0:00:43]} Qe7 {[%emt 0:04:53]} 1/2-1/2

[Event "EYCC Open-U14 2019"]
[Site "Bratislava"]
[Date "2019.08.07"]
[Round "6.46"]
[White "Velkoski, Stojan"]
[Black "Adamia, Jaba"]
[Result "1-0"]
[WhiteElo "1389"]
[BlackElo "1819"]
[Annotator "NA"]
[PlyCount "113"]
[EventDate "2019.08.02"]
[EventType "swiss"]
[EventCountry "SVK"]
[SourceTitle "playchess.com"]
[Source "ChessBase"]
[SourceQuality "1"]
[TimeControl "40/5400+30:1800+30"]

1. e4 {[%emt 0:00:00]} c5 {[%emt 0:00:00]} 2. Nc3 {[%emt 0:00:00]} e6 {[%emt 0:01:02]} 3. Nf3 {[%emt 0:00:00]} a6 {[%emt 0:00:37]} 4. d4 {[%emt 0:00:00]} cxd4 {[%emt 0:00:07]} 5. Nxd4 {[%emt 0:00:00]} Qc7 {[%emt 0:00:10]} 6. Bd3 {[%emt 0:00:00]} Nf6 {[%emt 0:01:45]} 7. O-O {[%emt 0:00:11]} d6 {[%emt 0:03:04]} 8. Kh1 {[%emt 0:00:40]} g6 {[%emt 0:09:23]} 9. Qe2 {[%emt 0:02:24]} Bg7 {[%emt 0:01:17]} 10. Bd2 {[%emt 0:02:13]} Nfd7 {[%emt 0:06:37]} 11. Nb3 {[%emt 0:01:00]} O-O {[%emt 0:01:41]} 12. f4 {[%emt 0:06:23]} Nc6 {[%emt 0:02:47]} 13. Nd1 {[%emt 0:05:14]} b5 {[%emt 0:11:40]} 14. c3 {[%emt 0:03:14]} Bb7 {[%emt 0:15:41]} 15. Ne3 {[%emt 0:06:11]} Rae8 {[%emt 0:06:08]} 16. a4 {[%emt 0:04:25]} bxa4 {[%emt 0:20:26]} 17. Rxa4 {[%emt 0:00:08]} Nf6 {[%emt 0:01:52]} 18. Ng4 {[%emt 0:07:30]} Nxg4 {[%emt 0:01:43]} 19. Qxg4 {[%emt 0:00:13]} Qb6 {[%emt 0:00:38]} 20. Qd1 {[%emt 0:03:29]} f5 {[%emt 0:01:55]} 21. exf5 {[%emt 0:00:41]} gxf5 {[%emt 0:00:07]} 22. Re1 {[%emt 0:05:29]} Ne7 {[%emt 0:07:49]} 23. Ra3 {[%emt 0:02:36]} Rf6 {[%emt 0:02:51]} 24. Be3 {[%emt 0:00:51]} Qc6 {[%emt 0:01:39]} 25. Qe2 {[%emt 0:00:17]} Rg6 {[%emt 0:00:28]} 26. Rg1 {[%emt 0:00:26]} Qc7 {[%emt 0:00:42]} 27. Na5 {[%emt 0:01:00]} Ba8 {[%emt 0:00:17]} 28. Bxa6 {[%emt 0:00:36]} Nd5 {[%emt 0:00:13]} 29. Bc1 {[%emt 0:00:40]} e5 {[%emt 0:00:17]} 30. Qc4 {[%emt 0:01:36]} Qf7 {[%emt 0:00:53]} 31. Bb5 {[%emt 0:00:38]} Rf8 {[%emt 0:00:43]} 32. Bc6 {[%emt 0:00:23]} Bxc6 {[%emt 0:00:52]} 33. Nxc6 {[%emt 0:00:41]} exf4 {[%emt 0:00:30]} 34. Qxd5 {[%emt 0:00:09]} Qxd5 {[%emt 0:00:22]} 35. Ne7+ {[%emt 0:00:06]} Kh8 {[%emt 0:00:12]} 36. Nxd5 {[%emt 0:00:05]} Be5 {[%emt 0:00:20]} 37. Bxf4 {[%emt 0:00:16]} Rg4 {[%emt 0:00:10]} 38. Bxe5+ {[%emt 0:00:16]} dxe5 {[%emt 0:00:03]} 39. Rga1 {[%emt 0:01:20]} f4 {[%emt 0:00:27]} 40. Ra8 {[%emt 0:00:00]} Rxa8 {[%emt 0:00:00]} 41. Rxa8+ Kg7 {[%emt 0:00:09]} 42. Ra7+ {[%emt 0:01:05]} Kg6 {[%emt 0:00:07]} 43. b4 {[%emt 0:01:22]} e4 {[%emt 0:00:04]} 44. Ra2 {[%emt 0:00:27]} Kf5 {[%emt 0:00:08]} 45. b5 {[%emt 0:00:52]} Rg7 {[%emt 0:00:10]} 46. b6 {[%emt 0:00:10]} e3 {[%emt 0:00:06]} 47. g3 {[%emt 0:01:32]} f3 {[%emt 0:00:36]} 48. Nxe3+ {[%emt 0:00:15]} Ke4 {[%emt 0:00:08]} 49. Nf1 {[%emt 0:00:11]} Kd3 {[%emt 0:00:28]} 50. Ra7 {[%emt 0:00:49]} Rg6 {[%emt 0:00:10]} 51. Rd7+ {[%emt 0:01:18]} Kxc3 {[%emt 0:00:35]} 52. b7 {[%emt 0:00:11]} Rb6 {[%emt 0:00:04]} 53. Kg1 {[%emt 0:00:29]} Rb2 {[%emt 0:00:07]} 54. Rxh7 {[%emt 0:01:59]} Kd3 {[%emt 0:00:11]} 55. Re7 {[%emt 0:00:15]} Rg2+ {[%emt 0:00:21]} 56. Kh1 {[%emt 0:00:25]} Rb2 {[%emt 0:00:04]} 57. Re3+ {[%emt 0:00:18]} 1-0

[Event "EYCC Open-U14 2019"]
[Site "Bratislava"]
[Date "2019.08.07"]
[Round "6.47"]
[White "Sosovicka, Jakub"]
[Black "Maldonado Mena, German"]
[Result "0-1"]
[WhiteElo "2097"]
[BlackElo "1822"]
[Annotator "NA"]
[PlyCount "128"]
[EventDate "2019.08.02"]
[EventType "swiss"]
[EventCountry "SVK"]
[SourceTitle "playchess.com"]
[Source "ChessBase"]
[SourceQuality "1"]
[TimeControl "40/5400+30:1800+30"]

1. e4 {[%emt 0:00:00]} e5 {[%emt 0:00:00]} 2. Nf3 {[%emt 0:00:00]} Nc6 {[%emt 0:00:08]} 3. Bb5 {[%emt 0:00:00]} g6 {[%emt 0:00:33]} 4. c3 {[%emt 0:00:19]} a6 {[%emt 0:00:18]} 5. Ba4 {[%emt 0:01:55]} b5 {[%emt 0:00:27]} 6. Bc2 {[%emt 0:01:02]} Bg7 {[%emt 0:01:01]} 7. d4 {[%emt 0:03:51]} exd4 {[%emt 0:00:58]} 8. cxd4 {[%emt 0:00:06]} d5 {[%emt 0:01:25]} 9. exd5 {[%emt 0:04:34]} Qxd5 {[%emt 0:01:18]} 10. Nc3 {[%emt 0:01:41]} Qd8 {[%emt 0:05:22]} 11. Be4 {[%emt 0:12:49]} Bb7 {[%emt 0:03:29]} 12. O-O {[%emt 0:02:14]} Nge7 {[%emt 0:03:41]} 13. Bg5 {[%emt 0:06:24]} f6 {[%emt 0:02:26]} 14. Bh4 {[%emt 0:03:50]} g5 {[%emt 0:04:17]} 15. Bxg5 {[%emt 0:22:25]} fxg5 {[%emt 0:02:23]} 16. Nxg5 {[%emt 0:00:40]} Qd6 {[%emt 0:05:10]} 17. Qh5+ {[%emt 0:01:46]} Ng6 {[%emt 0:00:25]} 18. Nxh7 {[%emt 0:05:12]} O-O-O {[%emt 0:07:36]} 19. Qxg6 {[%emt 0:02:29]} Qxg6 {[%emt 0:02:29]} 20. Bxg6 {[%emt 0:00:02]} Ne7 {[%emt 0:01:40]} 21. Bc2 {[%emt 0:02:08]} Bxd4 {[%emt 0:01:44]} 22. Rad1 {[%emt 0:09:33]} Rdg8 {[%emt 0:02:26]} 23. Ne4 {[%emt 0:05:26]} Bxb2 {[%emt 0:10:23]} 24. Nhg5 {[%emt 0:00:35]} Rh5 {[%emt 0:06:11]} 25. f4 {[%emt 0:01:16]} Rgh8 {[%emt 0:02:27]} 26. h3 {[%emt 0:00:51]} Nd5 {[%emt 0:00:55]} 27. Ng3 {[%emt 0:03:26]} Rh4 {[%emt 0:01:09]} 28. Nf5 {[%emt 0:00:25]} Rxf4 {[%emt 0:07:29]} 29. Ne7+ {[%emt 0:00:46]} Kb8 {[%emt 0:00:49]} 30. Nxd5 {[%emt 0:01:04]} Bd4+ {[%emt 0:00:12]} 31. Rxd4 {[%emt 0:02:31]} Rxd4 {[%emt 0:00:04]} 32. Ne3 {[%emt 0:04:40]} Rd2 {[%emt 0:01:16]} 33. Rf2 {[%emt 0:00:32]} Rxf2 {[%emt 0:02:30]} 34. Kxf2 {[%emt 0:00:01]} c5 {[%emt 0:00:08]} 35. g4 {[%emt 0:00:58]} a5 {[%emt 0:01:52]} 36. Kg3 {[%emt 0:00:38]} a4 {[%emt 0:01:00]} 37. h4 {[%emt 0:00:15]} Re8 {[%emt 0:00:50]} 38. Kf4 {[%emt 0:00:43]} a3 {[%emt 0:00:27]} 39. h5 {[%emt 0:00:55]} Rf8+ {[%emt 0:01:32]} 40. Kg3 {[%emt 0:00:00]} Re8 {[%emt 0:00:00]} 41. Kf2 {[%emt 0:08:40]} Rf8+ {[%emt 0:03:36]} 42. Ke2 {[%emt 0:01:15]} Re8 {[%emt 0:01:21]} 43. Bg6 {[%emt 0:10:02]} Rg8 {[%emt 0:01:40]} 44. Ne6 {[%emt 0:00:55]} c4 {[%emt 0:00:34]} 45. Bf7 {[%emt 0:01:02]} Rh8 {[%emt 0:00:48]} 46. g5 {[%emt 0:06:11]} b4 {[%emt 0:00:20]} 47. g6 {[%emt 0:01:27]} Rxh5 {[%emt 0:03:04]} 48. g7 {[%emt 0:00:45]} Rh2+ {[%emt 0:00:02]} 49. Kf1 {[%emt 0:01:02]} b3 {[%emt 0:02:12]} 50. g8=Q+ {[%emt 0:00:12]} Ka7 {[%emt 0:00:24]} 51. Nd1 {[%emt 0:05:09]} Rh1+ {[%emt 0:04:00]} 52. Ke2 {[%emt 0:00:01]} Rh2+ {[%emt 0:02:58]} 53. Ke1 {[%emt 0:00:42]} Rh1+ {[%emt 0:01:48]} 54. Ke2 {[%emt 0:00:22]} Rh2+ {[%emt 0:00:07]} 55. Nf2 {[%emt 0:00:14]} c3 {[%emt 0:04:47]} 56. Qg1 {[%emt 0:01:24]} Rg2 {[%emt 0:00:08]} 57. Qc1 {[%emt 0:00:28]} b2 {[%emt 0:03:03]} 58. Qb1 {[%emt 0:00:25]} Rg3 {[%emt 0:07:00]} 59. Nd4 {[%emt 0:00:35]} Ba6+ {[%emt 0:00:14]} 60. Nd3 {[%emt 0:00:31]} Bxd3+ {[%emt 0:00:44]} 61. Qxd3 {[%emt 0:00:31]} Rxd3 {[%emt 0:00:16]} 62. Kxd3 {[%emt 0:00:17]} b1=Q+ {[%emt 0:00:27]} 63. Kxc3 {[%emt 0:00:04]} Qa1+ {[%emt 0:03:06]} 64. Kd3 {[%emt 0:00:06]} Qf1+ {[%emt 0:00:08]} 0-1

[Event "EYCC Open-U14 2019"]
[Site "Bratislava"]
[Date "2019.08.07"]
[Round "6.48"]
[White "Czernek, Tymon"]
[Black "Ruiz Buendia, Miguel"]
[Result "1-0"]
[WhiteElo "2003"]
[BlackElo "1806"]
[Annotator "NA"]
[PlyCount "53"]
[EventDate "2019.08.02"]
[EventType "swiss"]
[EventCountry "SVK"]
[SourceTitle "playchess.com"]
[Source "ChessBase"]
[SourceQuality "1"]
[TimeControl "40/5400+30:1800+30"]

1. e4 {[%emt 0:00:00]} c5 {[%emt 0:00:00]} 2. Nf3 {[%emt 0:00:00]} d6 {[%emt 0:00:00]} 3. d3 {[%emt 0:00:00]} Nc6 {[%emt 0:00:00]} 4. g3 {[%emt 0:00:00]} g6 {[%emt 0:00:00]} 5. Bg2 {[%emt 0:00:00]} Bg7 {[%emt 0:00:00]} 6. O-O {[%emt 0:00:00]} e5 {[%emt 0:00:00]} 7. c3 {[%emt 0:00:24]} Nge7 {[%emt 0:00:00]} 8. a3 {[%emt 0:00:42]} O-O {[%emt 0:01:02]} 9. b4 {[%emt 0:01:03]} a6 {[%emt 0:01:57]} 10. Be3 {[%emt 0:01:52]} b6 {[%emt 0:02:16]} 11. Nbd2 {[%emt 0:01:29]} h6 {[%emt 0:02:01]} 12. Nb3 {[%emt 0:01:59]} Be6 {[%emt 0:02:17]} 13. Rb1 {[%emt 0:06:01]} c4 {[%emt 0:05:55]} 14. dxc4 {[%emt 0:02:33]} Bxc4 {[%emt 0:00:22]} 15. Re1 {[%emt 0:00:09]} d5 {[%emt 0:02:41]} 16. Nfd2 {[%emt 0:15:34]} Bd3 {[%emt 0:00:39]} 17. exd5 {[%emt 0:01:19]} Bxb1 {[%emt 0:02:30]} 18. Nxb1 {[%emt 0:00:20]} Na7 {[%emt 0:01:54]} 19. d6 {[%emt 0:00:48]} Nec6 {[%emt 0:00:56]} 20. c4 {[%emt 0:00:47]} f5 {[%emt 0:07:22]} 21. Bxc6 {[%emt 0:00:27]} Nxc6 {[%emt 0:00:01]} 22. Qd5+ {[%emt 0:00:07]} Kh7 {[%emt 0:00:12]} 23. Qxc6 {[%emt 0:00:04]} Rc8 {[%emt 0:01:59]} 24. Qxb6 {[%emt 0:00:26]} Rxc4 {[%emt 0:02:19]} 25. Qxa6 {[%emt 0:02:12]} Qc8 {[%emt 0:01:14]} 26. Qxc8 {[%emt 0:00:15]} Rcxc8 {[%emt 0:00:09]} 27. Bb6 {[%emt 0:00:13]} 1-0

[Event "EYCC Open-U14 2019"]
[Site "Bratislava"]
[Date "2019.08.08"]
[Round "7.1"]
[White "Makoveev, Ilya"]
[Black "Kostolansky, Sebastian Lukas"]
[Result "1/2-1/2"]
[WhiteElo "2288"]
[BlackElo "2406"]
[Annotator "NA"]
[PlyCount "80"]
[EventDate "2019.08.02"]
[EventType "swiss"]
[EventCountry "SVK"]
[SourceTitle "playchess.com"]
[Source "ChessBase"]
[SourceQuality "1"]
[TimeControl "40/5400+30:1800+30"]

1. e4 {[%emt 0:00:00]} g6 {[%emt 0:00:00]} 2. d4 {[%emt 0:00:00]} Bg7 {[%emt 0:00:00]} 3. Nc3 {[%emt 0:00:30]} d6 {[%emt 0:01:03]} 4. g3 {[%emt 0:01:00]} Nf6 {[%emt 0:01:28]} 5. Bg2 {[%emt 0:00:20]} O-O {[%emt 0:00:08]} 6. Nge2 {[%emt 0:00:10]} c6 {[%emt 0:09:24]} 7. O-O {[%emt 0:01:30]} Nbd7 {[%emt 0:02:24]} 8. a4 {[%emt 0:02:30]} Qc7 {[%emt 0:02:40]} 9. h3 {[%emt 0:02:30]} b6 {[%emt 0:02:16]} 10. Be3 {[%emt 0:06:30]} Bb7 {[%emt 0:08:50]} 11. g4 {[%emt 0:02:30]} e5 {[%emt 0:24:04]} 12. f4 {[%emt 0:02:30]} exd4 {[%emt 0:01:48]} 13. Bxd4 {[%emt 0:01:00]} Rad8 {[%emt 0:09:07]} 14. Ng3 {[%emt 0:16:22]} d5 {[%emt 0:05:02]} 15. e5 {[%emt 0:07:20]} Ne8 {[%emt 0:04:20]} 16. g5 {[%emt 0:19:15]} Nc5 {[%emt 0:02:51]} 17. Bf2 {[%emt 0:05:08]} d4 {[%emt 0:06:35]} 18. Nce4 {[%emt 0:02:13]} Nxe4 {[%emt 0:00:36]} 19. Nxe4 {[%emt 0:00:28]} c5 {[%emt 0:00:42]} 20. Bg3 {[%emt 0:04:06]} Bd5 {[%emt 0:04:51]} 21. Qe2 {[%emt 0:02:32]} Qd7 {[%emt 0:05:20]} 22. b3 {[%emt 0:04:30]} Be6 {[%emt 0:01:13]} 23. Rad1 {[%emt 0:10:47]} Nc7 {[%emt 0:01:13]} 24. c4 {[%emt 0:00:39]} Bxh3 {[%emt 0:04:51]} 25. Bxh3 {[%emt 0:01:45]} Qxh3 {[%emt 0:00:02]} 26. Qf3 {[%emt 0:00:38]} Qd7 {[%emt 0:01:15]} 27. Kg2 {[%emt 0:00:41]} Rfe8 {[%emt 0:00:53]} 28. Rh1 {[%emt 0:00:21]} Ne6 {[%emt 0:00:25]} 29. Rd3 {[%emt 0:01:40]} Nf8 {[%emt 0:00:28]} 30. Bf2 {[%emt 0:01:29]} Re6 {[%emt 0:00:30]} 31. Nc3 {[%emt 0:01:53]} a6 {[%emt 0:00:37]} 32. Bg3 {[%emt 0:01:34]} Ree8 {[%emt 0:00:31]} 33. Ne4 {[%emt 0:00:44]} Re7 {[%emt 0:00:27]} 34. a5 {[%emt 0:00:47]} Qb7 {[%emt 0:00:30]} 35. Bf2 {[%emt 0:00:47]} Rc7 {[%emt 0:00:28]} 36. axb6 {[%emt 0:00:39]} Qxb6 {[%emt 0:00:10]} 37. Nc3 {[%emt 0:00:36]} Rcd7 {[%emt 0:00:53]} 38. Ne4 {[%emt 0:00:17]} Rc7 {[%emt 0:00:28]} 39. Nc3 {[%emt 0:00:05]} Rcd7 {[%emt 0:00:10]} 40. Ne4 {[%emt 0:00:00]} Rc7 {[%emt 0:00:00]} 1/2-1/2

[Event "EYCC Open-U14 2019"]
[Site "Bratislava"]
[Date "2019.08.08"]
[Round "7.2"]
[White "Antonica, Dragos-Andrei"]
[Black "Tsvetkov, Andrey"]
[Result "1/2-1/2"]
[WhiteElo "2124"]
[BlackElo "2324"]
[Annotator "NA"]
[PlyCount "93"]
[EventDate "2019.08.02"]
[EventType "swiss"]
[EventCountry "SVK"]
[SourceTitle "playchess.com"]
[Source "ChessBase"]
[SourceQuality "1"]
[TimeControl "40/5400+30:1800+30"]

1. d4 {[%emt 0:00:00]} d5 {[%emt 0:00:00]} 2. Nf3 {[%emt 0:00:00]} Nf6 {[%emt 0:00:00]} 3. e3 {[%emt 0:00:07]} c5 {[%emt 0:00:02]} 4. b3 {[%emt 0:02:51]} cxd4 {[%emt 0:00:57]} 5. exd4 {[%emt 0:01:30]} Bg4 {[%emt 0:00:35]} 6. Bd3 {[%emt 0:02:16]} Nc6 {[%emt 0:01:38]} 7. Bb2 {[%emt 0:06:42]} e6 {[%emt 0:01:04]} 8. Nbd2 {[%emt 0:00:37]} Be7 {[%emt 0:01:28]} 9. O-O {[%emt 0:00:33]} O-O {[%emt 0:00:07]} 10. a3 {[%emt 0:10:43]} Rc8 {[%emt 0:02:52]} 11. Rc1 {[%emt 0:10:17]} Re8 {[%emt 0:16:03]} 12. Qe1 {[%emt 0:14:39]} Bf8 {[%emt 0:09:00]} 13. Qe3 {[%emt 0:22:40]} Bh5 {[%emt 0:04:55]} 14. Ne5 {[%emt 0:05:21]} Nxe5 {[%emt 0:02:58]} 15. dxe5 {[%emt 0:00:58]} Nd7 {[%emt 0:00:06]} 16. c4 {[%emt 0:04:25]} Bc5 {[%emt 0:12:16]} 17. Qg3 {[%emt 0:04:01]} Nf8 {[%emt 0:02:52]} 18. b4 {[%emt 0:05:27]} Be7 {[%emt 0:00:36]} 19. c5 {[%emt 0:00:56]} a6 {[%emt 0:01:22]} 20. Bd4 {[%emt 0:00:39]} Bg6 {[%emt 0:00:55]} 21. f4 {[%emt 0:01:26]} Qd7 {[%emt 0:01:47]} 22. Qe3 {[%emt 0:00:46]} Bxd3 {[%emt 0:04:57]} 23. Qxd3 {[%emt 0:00:01]} f5 {[%emt 0:00:00]} 24. Be3 {[%emt 0:03:15]} Kf7 {[%emt 0:06:55]} 25. Nf3 {[%emt 0:00:39]} Qa4 {[%emt 0:01:03]} 26. Nd4 {[%emt 0:00:57]} Red8 {[%emt 0:00:59]} 27. Qb3 {[%emt 0:00:43]} Qxb3 {[%emt 0:01:03]} 28. Nxb3 {[%emt 0:00:01]} Nd7 {[%emt 0:00:37]} 29. Na5 {[%emt 0:01:02]} Rc7 {[%emt 0:00:10]} 30. Bd4 {[%emt 0:00:38]} Rdc8 {[%emt 0:02:54]} 31. Rcd1 {[%emt 0:00:11]} Nb8 {[%emt 0:00:41]} 32. Nb3 {[%emt 0:00:40]} Nc6 {[%emt 0:00:34]} 33. Be3 {[%emt 0:00:31]} a5 {[%emt 0:04:15]} 34. Bd2 {[%emt 0:00:05]} a4 {[%emt 0:01:00]} 35. Nc1 {[%emt 0:00:35]} Nd4 {[%emt 0:00:22]} 36. Nd3 {[%emt 0:00:52]} Nb5 {[%emt 0:03:10]} 37. Ra1 {[%emt 0:00:44]} Rc6 {[%emt 0:00:49]} 38. Rfc1 {[%emt 0:00:31]} Nd4 39. Rcb1 {[%emt 0:00:21]} Nb3 {[%emt 0:03:12]} 40. Ra2 {[%emt 0:00:00]} b6 {[%emt 0:00:00]} 41. cxb6 {[%emt 0:05:36]} Rxb6 {[%emt 0:00:29]} 42. Kf2 {[%emt 0:13:56]} Rc4 {[%emt 0:07:11]} 43. Ke2 {[%emt 0:02:15]} Rbc6 {[%emt 0:00:51]} 44. Kd1 {[%emt 0:04:50]} Rd4 {[%emt 0:02:28]} 45. Ke2 {[%emt 0:00:04]} Re4+ {[%emt 0:00:17]} 46. Kd1 {[%emt 0:00:29]} Rcc4 {[%emt 0:02:42]} 47. Rxb3 {[%emt 0:00:16]} 1/2-1/2